Normal view
MARC view
Entry Topical Term
001 - CONTROL NUMBER
- control field: 15472
003 - CONTROL NUMBER IDENTIFIER
- control field: ARRUPE
005 - DATE AND TIME OF LATEST TRANSACTION
- control field: 20150223174824.0
008 - FIXED-LENGTH DATA ELEMENTS
- fixed length control field: 150223|| aca||aabn | a|a d
040 ## - CATALOGING SOURCE
- Original cataloging agency: ARRUPE
- Transcribing agency: ARRUPE
150 ## - HEADING--TOPICAL TERM
- Topical term or geographic name as entry element: Europe
- General subdivision: Europe
- General subdivision: 19th century
- General subdivision: History
670 ## - SOURCE DATA FOUND
- Source citation: Work cat.: (ARRUPE): Salmi, Hannu 15471, Nineteenth-century Europe, 2008